| 000 | 00508nam a22001937a 4500 | ||
|---|---|---|---|
| 003 | OSt | ||
| 005 | 20160630135443.0 | ||
| 008 | 160526b xxu||||| |||| 00| 0 eng d | ||
| 020 | _a8123906498 | ||
| 040 | _cDLMN. | ||
| 082 | _aQV 34P64e 2007. | ||
| 100 |
_aDr.Pillai,K.K.; _98995 |
||
| 245 | _aExperimental Pharmacology. | ||
| 260 |
_aNew Delhi; _bCBS Publishers&Distributors. _c2007. |
||
| 300 |
_axi,124p; _bill; _c22cm. |
||
| 504 | _aincludes index . | ||
| 650 |
_aPharmarcy. _98996 |
||
| 942 |
_2z _cO_SHELF |
||
| 999 |
_c4560 _d4560 |
||